Educación cívica

Gespeichert in:
Bibliographische Detailangaben
1. Verfasser: Volio Jiménez, Fernando
Format: Unbekannt
Veröffentlicht: San José: Asamblea Legislativa
Schlagworte:
Tags: Tag hinzufügen
Keine Tags, Fügen Sie den ersten Tag hinzu!

MARC

LEADER 00000 a2200000 04500
001 10472
003
008 991231s d
040
090 |a 136402  
100 |a Volio Jiménez, Fernando  
245 |a Educación cívica  
260 |a San José:   |b Asamblea Legislativa  
500 |a Reproducción del texto editado por Librería Hachette, París, 1890  
650 |a VALORES SOCIALES  
650 |a ETICA  
650 |a EDUCACION CIVICA  
650 |a DERECHOS CIVILES  
650 |a SOCIALIZACION  
999 |c 11103  |d 11103